<?xml version="1.0" encoding="UTF-8"?>
<record
    xmlns:xsi="http://www.w3.org/2001/XMLSchema-instance"
    xsi:schemaLocation="http://www.loc.gov/MARC21/slim http://www.loc.gov/standards/marcxml/schema/MARC21slim.xsd"
    xmlns="http://www.loc.gov/MARC21/slim">

  <leader>03391cam a22004214a 4500</leader>
  <datafield tag="999" ind1=" " ind2=" ">
    <subfield code="c">342278</subfield>
    <subfield code="d">342278</subfield>
  </datafield>
  <controlfield tag="001">14734849</controlfield>
  <controlfield tag="003">NUST</controlfield>
  <controlfield tag="005">20171215104452.0</controlfield>
  <controlfield tag="008">070209s2008    njua     b    001 0 eng  </controlfield>
  <datafield tag="010" ind1=" " ind2=" ">
    <subfield code="a">  2007005772</subfield>
  </datafield>
  <datafield tag="015" ind1=" " ind2=" ">
    <subfield code="a">GBA728977</subfield>
    <subfield code="2">bnb</subfield>
  </datafield>
  <datafield tag="016" ind1="7" ind2=" ">
    <subfield code="a">101299185</subfield>
    <subfield code="2">DNLM</subfield>
  </datafield>
  <datafield tag="016" ind1="7" ind2=" ">
    <subfield code="a">013716072</subfield>
    <subfield code="2">Uk</subfield>
  </datafield>
  <datafield tag="020" ind1=" " ind2=" ">
    <subfield code="a">9781588298942 (alk. paper)</subfield>
  </datafield>
  <datafield tag="020" ind1=" " ind2=" ">
    <subfield code="a">1588298949 (alk. paper)</subfield>
  </datafield>
  <datafield tag="035" ind1=" " ind2=" ">
    <subfield code="a">(OCoLC)ocm84730425</subfield>
  </datafield>
  <datafield tag="035" ind1=" " ind2=" ">
    <subfield code="a">(OCoLC)84730425</subfield>
  </datafield>
  <datafield tag="040" ind1=" " ind2=" ">
    <subfield code="a">DNLM/DLC</subfield>
    <subfield code="c">DLC</subfield>
    <subfield code="d">NLM</subfield>
    <subfield code="d">BTCTA</subfield>
    <subfield code="d">UKM</subfield>
    <subfield code="d">BAKER</subfield>
    <subfield code="d">C#P</subfield>
    <subfield code="d">YDXCP</subfield>
    <subfield code="d">DLC</subfield>
  </datafield>
  <datafield tag="050" ind1="0" ind2="0">
    <subfield code="a">TP248.25.N35</subfield>
    <subfield code="b">N28 2008</subfield>
  </datafield>
  <datafield tag="060" ind1="1" ind2="0">
    <subfield code="a">QT 36.5</subfield>
    <subfield code="b">N183 2008</subfield>
  </datafield>
  <datafield tag="082" ind1="0" ind2="0">
    <subfield code="a">660.6 SHO</subfield>
    <subfield code="2">22</subfield>
  </datafield>
  <datafield tag="245" ind1="0" ind2="0">
    <subfield code="a">NanoBioTechnology :</subfield>
    <subfield code="b">bioinspired devices and materials of the future /</subfield>
    <subfield code="c">Edited by Oded Shoseyov and Ilan Levy.</subfield>
  </datafield>
  <datafield tag="260" ind1=" " ind2=" ">
    <subfield code="a">Totowa, N.J. :</subfield>
    <subfield code="b">Humana Press,</subfield>
    <subfield code="c">c2008.</subfield>
  </datafield>
  <datafield tag="300" ind1=" " ind2=" ">
    <subfield code="a">xi, 485 p. :</subfield>
    <subfield code="b">ill. ;</subfield>
    <subfield code="c">24 cm.</subfield>
  </datafield>
  <datafield tag="500" ind1=" " ind2=" ">
    <subfield code="a">H.B</subfield>
  </datafield>
  <datafield tag="504" ind1=" " ind2=" ">
    <subfield code="a">Includes bibliographical references and index.</subfield>
  </datafield>
  <datafield tag="505" ind1="0" ind2=" ">
    <subfield code="a">Nanobiotechnology overview / Oded Shoseyov and Ilan Levy -- Experimental strategies towards the use of the porin MspA as a nanotemplate and for biosensors / Stefan H. Bossmann ... [et al.] -- Bionanotechnology and bionanoscience of artificial bioassemblies / Steven S. Smith and Katarzyna Lamparska-Kupsik -- Genetically engineered s-layer proteins and s-layer-specific heteropolysaccharides as components of a versatile molecular construction kit for applications in nanobiotechnology / Eva-M. Egelseer ... [et al.] -- Photoinduced electron transport in DNA: toward electronic devices based on DNA architecture / Hans-Achim Wagenknecht -- Effective models for charge transport in DNA nanowires / Rafael Gutierrez and Gianaurelio Cuniberti -- Optimizing photoactive proteins for optoelectronic environments by using directed evolution / Jason R. Hillebrecht ... [et al.] --</subfield>
  </datafield>
  <datafield tag="505" ind1="0" ind2=" ">
    <subfield code="a">DNA-based nanoelectronics / Rosa Di Felice and Danny Porath -- Electrical manipulation of DNA on metal surfaces / Marc Tornow, Kenji Arinaga, and Ulrich Rant -- Nanocomputing / Jennifer Sager, Joseph Farfel, and Darko Stefanovic -- Biomolecular automata / Nata&#x161;a Jonoska -- Nanomedicine / Kewal K. Jain -- Nano-sized carriers for drug delivery / Sanjeeb K. Sahoo ... [et al.] -- Gene and drug delivery system with soluble inorganic carriers / Jin-Ho Choy, Man Park, and Jae-Min Oh -- Molecules, cells, materials, and systems design based on nanobiotechnology for use in bioanalytical technology / Tetsuya Haruyama -- Self-assembly of short peptides for nanotechnological applications / Ehud Gazit -- Nanotube membranes for biotechnology / Lane A. Baker and Charles R. Martin -- Engineering a molecular railroad / Russell J. Stewart and Loren Limberis -- Water-based nanotechnology: what if we could dope water? / Andreas Kage and Eran Gabbai.</subfield>
  </datafield>
  <datafield tag="650" ind1=" " ind2="0">
    <subfield code="a">Nanobiotechnology.</subfield>
    <subfield code="9">7327</subfield>
  </datafield>
  <datafield tag="650" ind1="1" ind2="2">
    <subfield code="a">Biotechnology.</subfield>
    <subfield code="9">2447</subfield>
  </datafield>
  <datafield tag="650" ind1="1" ind2="2">
    <subfield code="a">Nanotechnology.</subfield>
    <subfield code="9">2826</subfield>
  </datafield>
  <datafield tag="650" ind1="2" ind2="2">
    <subfield code="a">Nanomedicine.</subfield>
    <subfield code="9">7328</subfield>
  </datafield>
  <datafield tag="650" ind1=" " ind2="0">
    <subfield code="a">Biomimetic materials.</subfield>
    <subfield code="9">2828</subfield>
  </datafield>
  <datafield tag="700" ind1="1" ind2=" ">
    <subfield code="a">Shoseyov, Oded.</subfield>
    <subfield code="9">7329</subfield>
  </datafield>
  <datafield tag="700" ind1="1" ind2=" ">
    <subfield code="a">Levy, Ilan.</subfield>
    <subfield code="9">7330</subfield>
  </datafield>
  <datafield tag="856" ind1="4" ind2="1">
    <subfield code="3">Table of contents only</subfield>
    <subfield code="u">http://www.loc.gov/catdir/toc/ecip0711/2007005772.html</subfield>
  </datafield>
  <datafield tag="856" ind1="4" ind2="2">
    <subfield code="3">Publisher description</subfield>
    <subfield code="u">http://www.loc.gov/catdir/enhancements/fy0825/2007005772-d.html</subfield>
  </datafield>
  <datafield tag="906" ind1=" " ind2=" ">
    <subfield code="a">7</subfield>
    <subfield code="b">cbc</subfield>
    <subfield code="c">orignew</subfield>
    <subfield code="d">1</subfield>
    <subfield code="e">ecip</subfield>
    <subfield code="f">20</subfield>
    <subfield code="g">y-gencatlg</subfield>
  </datafield>
  <datafield tag="942" ind1=" " ind2=" ">
    <subfield code="2">ddc</subfield>
    <subfield code="c">BK</subfield>
    <subfield code="k">IESE</subfield>
  </datafield>
  <datafield tag="952" ind1=" " ind2=" ">
    <subfield code="0">0</subfield>
    <subfield code="1">0</subfield>
    <subfield code="2">ddc</subfield>
    <subfield code="4">0</subfield>
    <subfield code="7">0</subfield>
    <subfield code="8">NFIC</subfield>
    <subfield code="a">CL</subfield>
    <subfield code="b">CL</subfield>
    <subfield code="c">GEN</subfield>
    <subfield code="d">2017-12-15</subfield>
    <subfield code="l">0</subfield>
    <subfield code="o">660.6 SHO</subfield>
    <subfield code="p">IESE-3032</subfield>
    <subfield code="r">2017-12-15</subfield>
    <subfield code="w">2017-12-15</subfield>
    <subfield code="y">BK</subfield>
  </datafield>
</record>
